000 00509cam a22002051 4500
001 ne 63000028
003 DLC
005 20260227111739.0
008 890925s1962 xx 000 0 ara
010 _ane 63000028
035 _a(OCoLC)23519676
040 _aDLC
_cMiU
_dDLC
042 _apremarc
050 0 0 _aBP80.M8
_bS5
100 1 _aShaykhah, Ḥasan.
245 1 0 _aMaʻa al-imām Muḥammad ʻAbduh.
260 _c[1962?]
300 _a55 p.
_c24 cm.
600 0 0 _aMuḥammad ʻAbduh,
_d1849-1905.
999 _c45396
_d45396